00347pab a2200133 454500008004000000100002400040245004300064260000900107300001500116362000800131650001800139700002300157773003300180180718b2014 xxu||||| |||| 00| 0 eng d aSorensen, Jesper B. aEntrepreneurship as a mobility process c2014 ap.328-349. aApr aEntrepreneurs aSharkey, Amanda J. aAmerican Sociological Review